000 00716nam a2200265Ia 4500
005 20260302115342.0
008 008 260114s9999 xx 000 0 eng d
020 _a9781350485396
037 _aTextbook
040 _aCRL
040 _beng
040 _cCRL
041 _2eng
041 _aeng
084 _qCRL
100 _aWilliam Baker, Julian Wolfreys
_91121380
245 0 _aLiterary Theories A Case Study in Critical Performance
260 _bBloomsbury
260 _bBloomsbury Academic
260 _c1996
650 _aLiterary Studies
856 _uhttps://doi.org/10.1007/978-1-349-25028-8?locatt=label:secondary_bloomsburyCollections
942 _cEBOOK
999 _c1685900
_d1685900